|
|
|
|
| LEADER |
00735nam a2200181 i 4500 |
| 001 |
misc75784 |
| 005 |
20250115141856.0 |
| 008 |
250115s1934 hu o 000 hun d |
| 040 |
|
|
|a SZTE Miscellanea Repozitórium
|b hun
|
| 041 |
|
|
|a hun
|
| 100 |
1 |
|
|a Kováts Ferenc
|
| 245 |
1 |
0 |
|a Egyház és városgazdaság a középkorban
|h [elektronikus dokumentum] :
|b rectori székfoglaló /
|c Kováts Ferenc
|
| 260 |
|
|
|a Ferencz József-Tudományegyetem
|b Szeged
|c 1934
|
| 300 |
|
|
|a 18
|c 24 cm
|
| 650 |
|
4 |
|a Bölcsészettudományok
|
| 650 |
|
4 |
|a Történettudomány és régészet
|
| 695 |
|
|
|a Egyház és társadalom - középkor, Gazdaságtörténet - Magyarország - középkor
|
| 856 |
4 |
0 |
|u http://misc.bibl.u-szeged.hu/75784/1/B_76195.pdf
|z Dokumentum-elérés
|